000 00969nam a22002177a 4500
003 OSt
005 20170608093031.0
008 150409b2011 slv spa
040 _cBMC
082 _a621.39
100 1 _934501
_aRuiz Vargas, José Humberto
245 1 0 _aPasantía en CTE (CLARO) compañía de telecomunicaciones de El Salvador, S.A. de C.V.
_b: Informe final
_cJosé Humberto Ruiz Vargas
260 _aSanta Ana (El Salvador)
_bUniversidad Católica de El Salvador
_c2011
300 _a61 h.
_bil. col.
_c28 cm
_e+ 1 disco compacto
500 _aPrecede al tít.: Universidad Católica de El Salvador, Facultad de Ingeniería y Arquitectura
501 _aPeriodo de realización: 31 enero - 31 de julio de 2011
502 _aPara optar al título de Ingeniero en Sistemas Informáticos
650 2 4 _924722
_aIngeniería de sistemas
710 2 _91166
_aUniversidad Católica de El Salvador
_bFacultad de Ingeniería y Arquitectura
942 _2ddc
_cTG
999 _c21024
_d21024